000 01278nam a2200361 i 4500
001 197683
003 ES-MaACL
005 20260507121454.0
008 250506s2019 sp | |||| 000 f spa
015 _aMON18
017 _aB 23109-2018
_bOficina Depósito Legal Barcelona
020 _a9788466345996
035 _a(OCoLC)1117430817
035 _a(SpMaBN)a6470583
040 _aSpMaBN
_bspa
_cSpMaBN
_erda
080 _a821.134.2-31"19"
100 _aMarías, Javier,
_d1951-2022
_eaut
_9239206
245 1 0 _aBerta Isla /
_cJavier Marías.
250 _aPrimera edición en Debolsillo: enero de 2019
_bPrimera reimpresión: enero 2021
264 1 _aBarcelona :
_bDebolsillo,
_c[2019].
264 4 _c©2019
300 _a541 páginas ;
_c22 cm.
336 _aTexto
_2rdacontent
337 _asin mediación
_2rdamedia
338 _avolumen
_2rdacarrier
655 0 _9234319
_aNovelas
852 _aES-MaACL
_cDEPOJ
_jN-10552
_hDonación: José Lázaro García
_xEncuadernación rústica
_9206675
903 _9234219
_aLázaro García, José
_ednr
942 _cMONOGRAFIA
_n0
999 _c197683
_d197683